Instalaciones eléctricas : conceptos básicos y diseños.

Bibliographic Details
Main Author: Bratu Serbán
Format: Section = Libro
Language:Undetermined
Spanish
Published: México Alfaomega 2000
Edition:2a.ed.
Subjects:
LEADER 00700nam a2200229Ia 4500
008 240829s9999 xx 000 0 und d
020 |a 970-15-0127-6 
040 |a BIBLIOTECA-RUPAP 621.3192 B824 
041 |a spa 
082 |a 621.3192 B824 
100 1 |a Bratu Serbán  
245 1 0 |a Instalaciones eléctricas : conceptos básicos y diseños. 
250 |a 2a.ed. 
260 |a México  |b Alfaomega  |c 2000 
300 |a 240 p. :il. 
650 7 |a INSTALACIONES ELECTRICAS 
650 7 |b  CONDUCTORES ELECTRICOS 
650 7 |c  FALLAS Y PROTECCIONES ELECTRICAS 
650 7 |d  COSTO - ENERGIA ELECTRICA. I. Campero Littewood, Eduardo, coaut. II. Tít. 
942 |c BK  |2 ddc 
991 |a TEXTO 
999 |c 9319